000 00422 a2200169 4500
001 188231
020 _a85-262-2287-2
040 _cMagnum
100 _aBarreto, Lima
240 1 0 _aTriste fim de policarpo quaresma / clara dos anjos
_lpor
245 1 0 _aTriste fim de policarpo quaresma / clara dos anjos
300 _a163 / 108
362 0 _a1994
440 1 _aScipione
697 _aLITERATURA GERAL
942 _cBK
999 _c188231
_d188231